banner koha

Correcao de deficiencia de micronutrientes em arroz de terras altas (Registro n. 290979)

MARC details
000 -LÍDER
campo de controle de tamanho fixo 00926nac a22002897a 4500
001 - NÚMERO DE CONTROLE
campo de controle BR0003081
003 - IDENTIFICADOR DO NÚMERO DE CONTROLE
campo de controle BR-BrBNA
005 - DATA E HORÁRIO DA ÚLTIMA TRANSAÇÃO
campo de controle 20240105122427.0
008 - CAMPO DE DADOS FIXOS--INFORMAÇÃO GERAL
campo de controle de tamanho fixo 230509b bl.|||m| |||| 00| 0 por d
040 ## - FONTE DA CATALOGAÇÃO
Instituição da catalogação original BR-BrBNA
Idioma da catalogação por
Instituição que transcreveu o registro Biblioteca Nacional de Agricultura
072 ## - CÓDIGO DE CATEGORIA DE ASSUNTO
Código de Categoria de Assunto H50
090 ## - NÚMERO DE CHAMADA LOCAL
Número de chamada 0150 BR0003081
100 1# - ENTRADA PRINCIPAL--NOME PESSOAL
Nome pessoal Barbosa Filho, M.P.
100 1# - ENTRADA PRINCIPAL--NOME PESSOAL
Nome pessoal Fageria, N.K.
100 1# - ENTRADA PRINCIPAL--NOME PESSOAL
Nome pessoal Silva, O.F. da
110 1# - ENTRADA PRINCIPAL--NOME CORPORATIVO
Nome corporativo ou nome da jurisdição EMBRAPA Arroz e Feijao, Santo Antonio de Goias, GO (Brasil)
245 1# - TÍTULO
Título Correcao de deficiencia de micronutrientes em arroz de terras altas
260 3# - PUBLICAÇÃO, DISTRIBUIÇÃO, ETC.
Local de publicação, distribuição, etc. Santo Antonio de Goias, GO (Brasil):
Data da publicação, distribuição, etc. 1999.
300 ## - DESCRIÇÃO FÍSICA
Extensão 21 p.
490 ## - TÍTULO DA SÉRIE
Título da série Documentos - EMBRAPA Arroz e Feijao (Brazil)
Número do volume ou designação sequencial da série no. 93
ISSN - International Standard Serial Number ISSN 1516-7518
500 ## - NOTA GERAL
Nota geral 10 ref.; 5 illus.
650 ## - ASSUNTO--TERMO TÓPICO
Cabeçalho tópico ou nome geográfico Arroz
650 ## - ASSUNTO--TERMO TÓPICO
Cabeçalho tópico ou nome geográfico Microelemento
650 ## - ASSUNTO--TERMO TÓPICO
Cabeçalho tópico ou nome geográfico Deficiencia Mineral
909 ## -
-- 202312
-- Lúcia Elande
-- 55
-- Lúcia Elande
942 ## - ELEMENTOS DE ENTRADA ADICIONADOS (KOHA)
Fonte da classificação ou esquema de arquivamento na estante Classificação AGRIS
Ocultar no OPAC Não
Tipo de material Koha Monografia Seriada
Exemplares
Situação do descarte Fonte da classificação ou esquema de arquivamento na estante Situação física Não pode ser emprestado Coleção Biblioteca de origem Biblioteca atual Localização na estante Total de empréstimos Número de telefone completo Código de barras Data de último acesso Tipo de material Koha Fonte de aquisição
  Classificação AGRIS       Biblioteca Nacional de Agricultura - Binagri Biblioteca Nacional de Agricultura - Binagri Agrobase - Acervo Geral   0150 BR0003081 0150 BR0003081 18/12/2023 Monografia Seriada Portaria Interministerial nº 164/94

BINAGRI

Telefone: (61)3218-2567/2388/3357/2097 - binagri@agro.gov.br

Ministério da Agricultura e Pecuária , Esplanada dos Ministérios, Bloco D, Anexo B, Brasília/DF, CEP: 70.043-900